| 000 | 00477nam a2200145 4500 | ||
|---|---|---|---|
| 008 | 708 B954t | ||
| 020 | _a9780578582658 | ||
| 082 |
_a708 _bB954t |
||
| 100 |
_aBurga, Teresa _97288 |
||
| 245 | _aTeresa Burga | ||
| 260 |
_aNueva York _bAlexander Gray Association _c2019 |
||
| 300 |
_a98 p. _bil. (col) _c23 x 17 cm |
||
| 650 |
_xarte conceptual _xarte - exhibiciones _xartista - catálogo de exhibición _xPerú _xdibujo _xinstalación _97289 |
||
| 700 |
_aJassan, Alejandro (editor) _97290 |
||
| 999 |
_c1892 _d1892 |
||